00325nam a2200133Ia 4500008004100000041001200041082001600053100002000069245002400089260003700113300000700150650001900157700001500176221030s9999 xx 000 0 und d aEnglish a105.23bSab aS. S. Sabharwal 0aApplied Mathematics bEagle PrakashanaJalandharc1995 a68 aBE Mathematics aS. Khokhar